00839nam a2200217 a 450000100060000000300080000600500170001400800410003103500190007204000270009104100080011808200300012624501540015626000400031030000210035060000470037165000250041894200120044399900170045595201490047265463BD-RjUL20211209081429.0170306s1944 ii 000 0 eng d a(BD-RjUL)65593 aDLCcCLUdBD-RjULbeng aeng00a340.0920954bMUW 194422310aW.C. Bonnerjee (the first and eighth President of Indian National Congress) : bsnapshots from his life and his London letters /cManicklal Mukherjee aCalcutta :bDeshbandhu press,c1944 a118 p. ;c19 cm. aBonnerjee, Womesh Chandra, -- 18449202230 aLawerzIndia9202231 2ddccBK c65463d65463 00102ddc40718NFICaRUCLbRUCLcReadingd1962-01-12eOrient Libraryg51.30l0o340.0920954 MUW 1944r2017-03-06 00:00:00tC-1w2021-12-09yBK